Catalog

Record Details

Catalog Search



Available copies

  • 1 of 1 copy available at LARL/NWRL Consortium.
  • 1 of 1 copy available at Lake Agassiz Regional Library. (Show preferred library)

Current holds

0 current holds with 1 total copy.

Show Only Available Copies
Location Call Number / Copy Notes Barcode Shelving Location Status Due Date
Crookston Public Library KIN (Text) 33500011881083 Main Available -

Record details

  • ISBN: 9781420132854
  • ISBN: 1420132857
  • Physical Description: 343 pages ; 18 cm.
  • Publisher: New York, NY : Zebra Books, 2014.
Subject: Women cooks > Fiction.
Contractors > Fiction.
Genre: Love stories.
LDR 01269cam a2200373Ii 4500
001167204
003LARL_NWRL_CONSORTIUM
00520140611094936.0
008130918t20142014nyu 000 1 eng d
0167 . ‡a016708471 ‡2Uk
020 . ‡a9781420132854
020 . ‡a1420132857
035 . ‡a(OCoLC)858601841
040 . ‡aYDXCP ‡beng ‡erda ‡cYDXCP ‡dBTCTA ‡dBDX ‡dUKMGB ‡dJBL ‡dHHO ‡dOCLCO
05014. ‡aPS3611.I5653 ‡bG56 2014
08204. ‡a813/.6 ‡223
1001 . ‡aKincaid, Kimberly. ‡0(LARL_NWRL_CONSORTIUM)221056
24510. ‡aGimme some sugar ‡n#2 / ‡cKimberly Kincaid.
260 . ‡aNew York, NY : ‡bZebra Books, ‡c2014.
260 . ‡c©2014
300 . ‡a343 pages ; ‡c18 cm.
336 . ‡atext ‡btxt ‡2rdacontent
337 . ‡aunmediated ‡bn ‡2rdamedia
338 . ‡avolume ‡bnc ‡2rdacarrier
4900 . ‡aPine Mountain ; ‡v2
650 0. ‡aWomen cooks ‡vFiction. ‡0(LARL_NWRL_CONSORTIUM)167911
650 0. ‡aContractors ‡vFiction. ‡0(LARL_NWRL_CONSORTIUM)171629
655 7. ‡aLove stories. ‡2gsafd
948 . ‡hNO HOLDINGS IN LAL - 46 OTHER HOLDINGS
994 . ‡aZ0 ‡bLAL
901 . ‡a167204 ‡bOCLC ‡c167204 ‡tbiblio

Additional Resources